Guess The Fortnite Icon Skin - Statistics

General Stats
  • This quiz has been taken 39 times
  • The average score is 11 of 16
Answer Stats
Picture Answer % Correct
Ninja
100%
Loserfruit
97%
Ali-a
86%
MrBeast
86%
Bugha
83%
Nick Eh 30
83%
SypherPk
83%
Clix
81%
Lazarbeam
75%
Kai Cenat
64%
Chica
61%
Khaby Lame
58%
TheGrefg
42%
Flakes Power
22%
Rubius
22%
Lachan
8%
No matching quizzes found
Score Distribution
Percent of People with Each Score
Percentile by Number Answered
Your Score History
You have not taken this quiz